000
00238nam a2200097Ia 4500
001
687510
005
20250826161557.0
008
250824s9999 xx 000 0 und d
245
0
_a
AYA KULAK VER
_c
MICHAEL MORPURGO
260
_b
TUDEM YAYINLARI
999
_c
687510
_d
687510